Minas de carbón de piedra de Compostela : (Record no. 180738)

MARC details
000 -LEADER
campo de control de longitud fija 00871nam a2200205 i 4500
001 - NÚMERO DE CONTROL
campo de control 180738
003 - IDENTIFICADOR DE NÚMERO DE CONTROL
campo de control ES-MaACL
005 - FECHA Y HORA DE LA ÚLTIMA TRANSACCIÓN
campo de control 20230906221157.0
008 - DATOS DE LONGITUD FIJA--INFORMACIÓN GENERAL
campo de control de longitud fija 120706s1878 phl |||| | spa d
080 ## - NÚMERO DE LA CLASIFICACIÓN DECIMAL UNIVERSAL
Número de la Clasificación Decimal Universal 622.33(599.25 Cebú)
245 00 - MENCIÓN DEL TÍTULO
Título Minas de carbón de piedra de Compostela :
Resto del título documentos oficiales referentes a las mismas.
246 14 - FORMA VARIANTE DEL TITULO
Título propio/Titulo breve Minas de carbón de piedra de Compostela
260 ## - PUBLICACIÓN, DISTRIBUCIÓN, ETC.
Lugar de publicación, distribución, etc. [S.l.] :
Nombre del editor, distribuidor, etc. [s.n.],
Fecha de publicación, distribución, etc. 1878 (
Lugar de fabricación/manufactura Manila :
Fabricante Imp. de Ramírez y Giraudier)
300 ## - DESCRIPCIÓN FÍSICA
Extensión 16 p. ;
Dimensiones 22 cm.
530 ## - NOTA DISPONIBLE DE FORMULARIO FÍSICO ADICIONAL
Nota de formato físico adicional disponible Disponible también en sitio web.
594 ## - Nota al título y mención de responsabilidad
Nota al título y mención de responsabilidad Precede al título: Isla de Cebú.
650 #4 - PUNTO DE ACCESO ADICIONAL DE MATERIA--TÉRMINO DE MATERIA
Término de materia o nombre geográfico como elemento de entrada Minas de carbón-
Subdivisión geográfica Cebú (Isla)
9 (RLIN) 150864
852 1# - LOCALIZACIÓN
Ubicación BA
Número de control de estantería T-1106-F-6
Nota libre .- Legado Federico de Botella y Hornos
856 41 - LOCALIZACIÓN Y ACCESO ELECTRÓNICOS
Identificador Uniforme de Recursos <a href="http://bibliotecadigitalhispanica.bne.es:80/webclient/DeliveryManager?pid=2679800&custom_att_2=simple_viewer">http://bibliotecadigitalhispanica.bne.es:80/webclient/DeliveryManager?pid=2679800&custom_att_2=simple_viewer</a>
Nota pública Ir a la página
Holdings
Estatus retirado Estado de pérdida Estado de daño No para préstamo Colección Biblioteca de origen Biblioteca actual Ubicación en estantería Fecha de adquisición Fuente de adquisición Total de préstamos Signatura topográfica completa Código de barras Visto por última vez Precio de reemplazo Tipo de ítem Koha
        Colección de folletos Biblioteca del Ateneo de Madrid Biblioteca del Ateneo de Madrid Depósito folletos 06/07/2012     T-1106-F-6 1189926 23/02/2023 23/02/2023 Folleto